000 00821nas a2200265 4500
001 BR7301857
003 BR-BrBNA
005 20231205082410.0
007 ta
008 230509b bl.|||p| |||| 00| 00por d
040 _aBR-BrBNA
_bpor
_cBiblioteca Nacional de Agricultura
041 _a(Pt)
072 _aQ20
100 1 _aNakamura, H.
100 1 _aYokoya, F.
245 1 _aProducao de aflatoxina por especies de Aspergillus do Brasil (Estado de Sao Paulo), dos Estados Unidos e da Inglaterra
650 _aAFLATOXINA
650 _aFUNGO
650 _aSAO PAULO
650 _aESTADOS UNIDOS DA AMERICA
650 _aINGLATERRA
773 0 _tColetanea do Instituto de Tecnologia de Alimentos (Brazil)
_x
_g(1967), v. 2 p. 47-59
_wBR7301857
909 _a202311
_bLúcia
_c55
_dLúcia Elande
942 _2AGRIS
_n0
_cANA
999 _c91466
_d91466